Elements : (Record no. 3524)

MARC details
000 -LEADER
fixed length control field 01079nac a22003011i 4500
003 - CONTROL NUMBER IDENTIFIER
control field EG-ScBUE
005 - DATE AND TIME OF LATEST TRANSACTION
control field 20230102103935.0
008 - FIXED-LENGTH DATA ELEMENTS--GENERAL INFORMATION
fixed length control field 230102s2003 mauae f 000 0 eng d
020 ## - INTERNATIONAL STANDARD BOOK NUMBER
International Standard Book Number 1564969312
020 ## - INTERNATIONAL STANDARD BOOK NUMBER
International Standard Book Number 9781546969310
040 ## - CATALOGING SOURCE
Original cataloging agency EG-ScBUE
Language of cataloging eng
Description conventions rda
Transcribing agency EG-ScBUE
Modifying agency EG-ScBUE
082 04 - DEWEY DECIMAL CLASSIFICATION NUMBER
Classification number 729
Item number ELE
Edition number 22
245 00 - TITLE STATEMENT
Title Elements :
Remainder of title architecture in detail /
Statement of responsibility, etc edited by Oscar Riera Ojeda ; introduction by Mark Pasnik ; photograph by Paul Warchol.
264 #1 - PUBLICATION, DISTRIBUTION, ETC. (IMPRINT)
Place of publication, distribution, etc Gloucester, Massachusetts :
Name of publisher, distributor, etc Rockport Publishers,
Date of publication, distribution, etc 2003.
300 ## - PHYSICAL DESCRIPTION
Extent 190 pages :
Other physical details color illustrations, plans ;
Dimensions 29 cm
336 ## - CONTENT TYPE
Source rdacontent
Content type term text
Content type code txt
337 ## - MEDIA TYPE
Source rdamedia
Media type term unmediated
Media type code n
338 ## - CARRIER TYPE
Source rdacarrier
Carrier type term volume
Carrier type code nc
650 #7 - SUBJECT ADDED ENTRY--TOPICAL TERM
Topical term or geographic name as entry element Architectural design.
Source of heading or term BUEsh
650 #7 - SUBJECT ADDED ENTRY--TOPICAL TERM
Topical term or geographic name as entry element Architecture
General subdivision Details.
Source of heading or term BUEsh
650 #7 - SUBJECT ADDED ENTRY--TOPICAL TERM
Topical term or geographic name as entry element Architecture
General subdivision Composition, proportion, etc.
Source of heading or term BUEsh
653 ## - INDEX TERM--UNCONTROLLED
Resource For college Engineering, Architecture
655 ## - INDEX TERM--GENRE/FORM
Form subdivision Reading book
700 1# - ADDED ENTRY--PERSONAL NAME
Personal name Riera Ojeda, Oscar,
Relator term editor.
700 1# - ADDED ENTRY--PERSONAL NAME
Personal name Pasnik, Mark,
Relator term Author of introduction, etc.
700 1# - ADDED ENTRY--PERSONAL NAME
Personal name Warchol, Paul,
Relator term photographer.
942 ## - ADDED ENTRY ELEMENTS (KOHA)
Koha item type Book - Borrowing
Source of classification or shelving scheme Dewey Decimal Classification
Holdings
Withdrawn status Lost status Source of classification or shelving scheme Damaged status Not for loan Collection code Home library Current library Shelving location Date acquired Source of acquisition Total Checkouts Total Renewals Full call number Barcode Date last seen Date checked out Price effective from Koha item type
    Dewey Decimal Classification     Alahram Central Library Central Library Second Floor 24/04/2007 Purchase 1 1 729 ELE 000001052 15/07/2025 10/03/2019 24/04/2007 Book - Borrowing